000 00406nam a2200157Ia 4500
003 GCL
008 140319s9999 xx 000 0 eng d
040 _aGCL /
_cGCL
082 0 4 _a746.7
_bA O
100 1 _aALLANE, LEE
245 1 0 _aORIENTAL RUGS: A BUYER'S GUIDE /
_cALLANE, LEE
260 _a[S.N] :
_bTHAMES AND HUDSON ،
_c1988
300 _a136 P
650 0 4 _aORIENTAL PHILOSOPHY
942 _2ddc
_cBK
999 _c17136
_d17136